<?xml version="1.0" encoding="UTF-8"?>
<record
    xmlns:xsi="http://www.w3.org/2001/XMLSchema-instance"
    xsi:schemaLocation="http://www.loc.gov/MARC21/slim http://www.loc.gov/standards/marcxml/schema/MARC21slim.xsd"
    xmlns="http://www.loc.gov/MARC21/slim">

  <leader>02372nam a2200313uu 4500</leader>
  <controlfield tag="001">1499139</controlfield>
  <controlfield tag="005">20260508092756.0</controlfield>
  <controlfield tag="007">co|||||||</controlfield>
  <controlfield tag="008">180711s2018                        spa  </controlfield>
  <datafield tag="035" ind1=" " ind2=" ">
    <subfield code="a">1499139</subfield>
  </datafield>
  <datafield tag="040" ind1=" " ind2=" ">
    <subfield code="c">comduadb</subfield>
  </datafield>
  <datafield tag="041" ind1=" " ind2=" ">
    <subfield code="a">spa</subfield>
  </datafield>
  <datafield tag="082" ind1=" " ind2="4">
    <subfield code="a">792</subfield>
  </datafield>
  <datafield tag="100" ind1="1" ind2="0">
    <subfield code="a">Garc&#xED;a Ramos, Jairo Ren&#xE9;</subfield>
    <subfield code="4">aut</subfield>
    <subfield code="e">aut</subfield>
    <subfield code="9">772632</subfield>
  </datafield>
  <datafield tag="245" ind1="1" ind2="0">
    <subfield code="a">Teatro invidente, t&#xE9;cnica e interpretaci&#xF3;n vocal para la inclusi&#xF3;n : sistematizaci&#xF3;n de la experiencia del laboratorio teatral de ciegos de La rueda flotante en el estudio de la voz esc&#xE9;nica, a trav&#xE9;s del montaje del Sainete de Don Tolim&#xE1;n</subfield>
  </datafield>
  <datafield tag="260" ind1=" " ind2=" ">
    <subfield code="a">Medell&#xED;n :</subfield>
    <subfield code="b">Autor(a),</subfield>
    <subfield code="c">2018.</subfield>
  </datafield>
  <datafield tag="300" ind1=" " ind2=" ">
    <subfield code="a">1 CD-ROM</subfield>
  </datafield>
  <datafield tag="520" ind1="3" ind2=" ">
    <subfield code="a">RESUMEN. Teatro invidente, t&#xE9;cnica e interpretaci&#xF3;n vocal para la inclusi&#xF3;n, da cuenta de una experiencia investigativa, creativa-esc&#xE9;nica y de sistematizaci&#xF3;n del proceso de montaje del Sainete de Don Tolim&#xE1;n a trav&#xE9;s del estudio de la voz y la interpretaci&#xF3;n vocal para teatro, en el Laboratorio Teatral de ciegos de la Rueda Flotante. En &#xE9;l se desglosan elementos de car&#xE1;cter contextual que abarcan el Sainete en Antioquia, t&#xE9;cnico teatral; que vincula la interpretaci&#xF3;n y la t&#xE9;cnica vocal, as&#xED; como las experiencias compiladas de grupos nacionales e internaciones en el trabajo con ciegos (teatro en la oscuridad y lecturas con invidentes) y humano; evidenciado en el quehacer pedag&#xF3;gico y reflexivo con personas invidentes y de baja visi&#xF3;n, en el trascurrir del proceso creativo y de memoria de la experiencia.</subfield>
  </datafield>
  <datafield tag="586" ind1=" " ind2=" ">
    <subfield code="a">DISTINCI&#xD3;N: Meritoria al trabajo de grado titulado " Teatro invidente, t&#xE9;cnica e interpretaci&#xF3;n vocal para la inclusi&#xF3;n : sistematizaci&#xF3;n de la experiencia del laboratorio teatral de ciegos de La rueda flotante en el estudio de la voz esc&#xE9;nica, a trav&#xE9;s del montaje del Sainete de Don Tolim&#xE1;n " del programa Licenciatura en Teatro. A&#xF1;o 2018.</subfield>
  </datafield>
  <datafield tag="650" ind1=" " ind2=" ">
    <subfield code="a">Sainetes</subfield>
    <subfield code="9">26777</subfield>
  </datafield>
  <datafield tag="650" ind1=" " ind2=" ">
    <subfield code="a">Invidentes</subfield>
    <subfield code="9">23161</subfield>
  </datafield>
  <datafield tag="650" ind1=" " ind2=" ">
    <subfield code="a">T&#xE9;cnica vocal</subfield>
    <subfield code="9">71349</subfield>
  </datafield>
  <datafield tag="650" ind1=" " ind2=" ">
    <subfield code="a">Creaci&#xF3;n teatral</subfield>
    <subfield code="9">13417</subfield>
  </datafield>
  <datafield tag="650" ind1=" " ind2=" ">
    <subfield code="a">Corporaci&#xF3;n Cultural La Rueda Flotante</subfield>
    <subfield code="9">227343</subfield>
  </datafield>
  <datafield tag="650" ind1=" " ind2="7">
    <subfield code="a">Integraci&#xF3;n social</subfield>
    <subfield code="2">lemb</subfield>
    <subfield code="9">2213</subfield>
  </datafield>
  <datafield tag="700" ind1="1" ind2="0">
    <subfield code="a">Sorge Radovani, Lavina Sabina</subfield>
    <subfield code="4">ths</subfield>
    <subfield code="e">ths</subfield>
    <subfield code="9">355734</subfield>
  </datafield>
  <datafield tag="942" ind1=" " ind2=" ">
    <subfield code="c">TESIS</subfield>
  </datafield>
  <datafield tag="999" ind1=" " ind2=" ">
    <subfield code="c">784920</subfield>
    <subfield code="d">784920</subfield>
  </datafield>
  <datafield tag="500" ind1=" " ind2=" ">
    <subfield code="a">Tesis (Licenciatura en Artes Representativas - Teatro). Universidad de Antioquia. Facultad de Artes - T&#xED;tulo del grado otorgado</subfield>
  </datafield>
  <datafield tag="952" ind1=" " ind2=" ">
    <subfield code="0">0</subfield>
    <subfield code="1">0</subfield>
    <subfield code="4">0</subfield>
    <subfield code="7">0</subfield>
    <subfield code="8">GENERAL</subfield>
    <subfield code="a">CEDEA</subfield>
    <subfield code="b">CEDEA</subfield>
    <subfield code="d">2018-07-11</subfield>
    <subfield code="e">Material adquirido por donaci&#xF3;n</subfield>
    <subfield code="i">C1289297</subfield>
    <subfield code="l">0</subfield>
    <subfield code="o">TRA/LIEAR0095 2018 CD-ROM</subfield>
    <subfield code="p">810736</subfield>
    <subfield code="r">2023-05-04 00:00:00</subfield>
    <subfield code="t">1</subfield>
    <subfield code="w">2023-05-04</subfield>
    <subfield code="y">DIGITAL</subfield>
  </datafield>
  <datafield tag="952" ind1=" " ind2=" ">
    <subfield code="0">0</subfield>
    <subfield code="1">0</subfield>
    <subfield code="4">0</subfield>
    <subfield code="7">0</subfield>
    <subfield code="8">TESDIGBC</subfield>
    <subfield code="a">BC</subfield>
    <subfield code="b">BC</subfield>
    <subfield code="d">2018-07-31</subfield>
    <subfield code="e">Material adquirido por donaci&#xF3;n</subfield>
    <subfield code="i">C1291460</subfield>
    <subfield code="l">1</subfield>
    <subfield code="m">1</subfield>
    <subfield code="o">792.022 G215 CD-ROM</subfield>
    <subfield code="p">01056610</subfield>
    <subfield code="r">2024-12-05 00:00:00</subfield>
    <subfield code="s">2024-08-27</subfield>
    <subfield code="t">2</subfield>
    <subfield code="w">2023-05-04</subfield>
    <subfield code="y">DIGITAL</subfield>
  </datafield>
</record>
